<?xml version="1.0" encoding="UTF-8"?>
<record
    xmlns:xsi="http://www.w3.org/2001/XMLSchema-instance"
    xsi:schemaLocation="http://www.loc.gov/MARC21/slim http://www.loc.gov/standards/marcxml/schema/MARC21slim.xsd"
    xmlns="http://www.loc.gov/MARC21/slim">

  <leader>00563nam a22002057a 4500</leader>
  <controlfield tag="005">20250731134302.0</controlfield>
  <controlfield tag="008">250731b        |||||||| |||| 00| 0 eng d</controlfield>
  <datafield tag="020" ind1=" " ind2=" ">
    <subfield code="a">978-8385915-47-5</subfield>
  </datafield>
  <datafield tag="082" ind1=" " ind2=" ">
    <subfield code="a">611.9</subfield>
    <subfield code="b">CHA-H</subfield>
  </datafield>
  <datafield tag="100" ind1=" " ind2=" ">
    <subfield code="a">BD,Chaurasia</subfield>
  </datafield>
  <datafield tag="245" ind1=" " ind2=" ">
    <subfield code="a">BD,Chaurasia Human Anatomy-4 :</subfield>
    <subfield code="b">brain-Neuroanatomy /</subfield>
  </datafield>
  <datafield tag="250" ind1=" " ind2=" ">
    <subfield code="a">8th ed., Vol-4</subfield>
  </datafield>
  <datafield tag="260" ind1=" " ind2=" ">
    <subfield code="a">India :</subfield>
    <subfield code="b">CBS Publisher ;</subfield>
    <subfield code="c">2020 .</subfield>
  </datafield>
  <datafield tag="300" ind1=" " ind2=" ">
    <subfield code="a">viii ; 206p. :</subfield>
    <subfield code="b">ill ;</subfield>
    <subfield code="c">28 cm.</subfield>
  </datafield>
  <datafield tag="490" ind1=" " ind2=" ">
    <subfield code="v">4</subfield>
  </datafield>
  <datafield tag="500" ind1=" " ind2=" ">
    <subfield code="a">Printed in Pakistan.</subfield>
  </datafield>
  <datafield tag="650" ind1=" " ind2=" ">
    <subfield code="a">Medical / Anatomy</subfield>
  </datafield>
  <datafield tag="700" ind1=" " ind2=" ">
    <subfield code="a">BD,Chaurasia</subfield>
  </datafield>
  <datafield tag="999" ind1=" " ind2=" ">
    <subfield code="c">37000</subfield>
    <subfield code="d">37000</subfield>
  </datafield>
  <datafield tag="952" ind1=" " ind2=" ">
    <subfield code="0">0</subfield>
    <subfield code="1">0</subfield>
    <subfield code="4">0</subfield>
    <subfield code="7">0</subfield>
    <subfield code="a">SIRC</subfield>
    <subfield code="b">SIRC</subfield>
    <subfield code="c">BDS-Anatomy</subfield>
    <subfield code="d">2025-07-31</subfield>
    <subfield code="e">Imperial book company</subfield>
    <subfield code="g">6150.00</subfield>
    <subfield code="l">1</subfield>
    <subfield code="o">611.9 CHA-H 2020</subfield>
    <subfield code="p">20142</subfield>
    <subfield code="r">2026-04-07</subfield>
    <subfield code="s">2026-03-10</subfield>
    <subfield code="t">1</subfield>
    <subfield code="w">2025-07-31</subfield>
    <subfield code="y">BK</subfield>
    <subfield code="Y">BK</subfield>
  </datafield>
  <datafield tag="952" ind1=" " ind2=" ">
    <subfield code="0">0</subfield>
    <subfield code="1">0</subfield>
    <subfield code="4">0</subfield>
    <subfield code="7">0</subfield>
    <subfield code="a">SIRC</subfield>
    <subfield code="b">SIRC</subfield>
    <subfield code="c">BDS-Anatomy</subfield>
    <subfield code="d">2025-07-31</subfield>
    <subfield code="e">Imperial book company</subfield>
    <subfield code="g">6150.00</subfield>
    <subfield code="l">2</subfield>
    <subfield code="o">611.9 CHA-H 2020</subfield>
    <subfield code="p">20143</subfield>
    <subfield code="r">2025-11-25</subfield>
    <subfield code="s">2025-11-04</subfield>
    <subfield code="t">2</subfield>
    <subfield code="w">2025-07-31</subfield>
    <subfield code="y">BK</subfield>
    <subfield code="Y">BK</subfield>
  </datafield>
  <datafield tag="952" ind1=" " ind2=" ">
    <subfield code="0">0</subfield>
    <subfield code="1">0</subfield>
    <subfield code="4">0</subfield>
    <subfield code="7">0</subfield>
    <subfield code="a">SIRC</subfield>
    <subfield code="b">SIRC</subfield>
    <subfield code="c">BDS-Anatomy</subfield>
    <subfield code="d">2025-07-31</subfield>
    <subfield code="e">Imperial book company</subfield>
    <subfield code="g">6150.00</subfield>
    <subfield code="l">1</subfield>
    <subfield code="o">611.9 CHA-H 2020</subfield>
    <subfield code="p">20144</subfield>
    <subfield code="r">2025-09-29</subfield>
    <subfield code="s">2025-09-22</subfield>
    <subfield code="t">3</subfield>
    <subfield code="w">2025-07-31</subfield>
    <subfield code="y">BK</subfield>
    <subfield code="Y">BK</subfield>
  </datafield>
</record>
